000 00320 a2200109 4500
001 ART_41132
005 20260410161628.0
008 260409a
245 1 0 _aEfectos contables e impositivos del sinceramiento fiscal
100 1 _aBello, Alberto M.
773 0 _tEnfoques
_g- NÂș 1 (ene. 2017)
_wREV416
999 _c12231
_d12231